000 00389nam a2200169Ia 4500
008 210210b1939 xxu||||| |||| 00| 0 eng d
041 _aeng
082 _a370/79
100 _aSIQUEIRA (T N)
245 _aEducation of India
260 _aBombay
_bOxford University Press
_c1939
650 _aof
650 _aIndia
650 _aEducation
690 _aEducation
906 _a005019
999 _c128702
_d128702